000 00447nam a2200181Ia 4500
008 090124s9999 xx 000 0 und d
082 _b124611
100 _aरानडे जयंत
245 _a ट्रॅप
250 _a1
260 _c1991
300 _a193
600 _aरानडे जयंत
630 _a ट्रॅप
700 _aरानडे जयंत
730 _a ट्रॅप
942 _cBOOK
999 _c170698
_d170698